Statystyki dla Karty frakcji Nilfgaard w grze Gwint

Kliknij tutaj aby rozwiązać quiz!

Ogólne statystyki

  • Ten quiz został rozwiązany 7 razy
  • Średni wynik to 38 z 146

Statystyki odpowiedzi

HintOdpowiedź% Poprawnych
10 - 7Emhyr var Emreis
86%
9 - 5Vilgefortz
57%
5 - 1Agentka Księżnej
43%
9 - 3Anna Henrietta
43%
13 - 4Artaud Terranova
43%
8 - 2Artorius Vigo
43%
10 - K. specjalnaCoup de grace
43%
4 - 1Emisariusz
43%
10 - 8Jan Calveit
43%
9 - 1Kolgrim
43%
5 - 5 (1)Konnica Dywizji Alba
43%
4 - 2Nadzorca niewolników
43%
8 - 6Philippe van Moorlehem
43%
13 - 6Rience
43%
5 - 4Spragniona dama
43%
9 - 5Stefan Skellen
43%
5 - 4Wiedźmin Szkoły Żmii
43%
4 - 4Adept Szkoły Żmii
29%
7 - 5 (1)Affan Hillergrand
29%
6 - 4Albrich
29%
4 - 5Alchemik
29%
5 - 2Alchemik Szkoły Żmii
29%
12 - 7Ardal aep Dahy
29%
14 - ArtefaktBal maskowy
29%
4 - 3Błędny Rycerz z Toussaint
29%
11 - 4Braathens
29%
7 - 1Cantarella
29%
5 - 4Cesarska Wieszczka
29%
6 - 12Cesarski Golem
29%
11 - 6Damien de la Tour
29%
4 - 3Dywizja Magne
29%
5 - 5Dywizja Venendal
29%
6 - 6Egan
29%
5 - 4 (1)Egzekutor Impery
29%
6 - 4Fałszywa Cirilla
29%
6 - 7Fergus var Emreis
29%
9 - 1 (2)Ffion var Gaernel
29%
7 - 4Fringilla Vigo
29%
7 - K. specjalnaGłos zza grobu
29%
6 - 4 (2)Glynnis aep Loernach
29%
8 - ArtefaktGorthur Gvaed
29%
4 - 4Iluzjonista
29%
10 - 4Ivar Złe Oko
29%
10 - 4Joachim de Wett
29%
4 - 3 (2)Kawaleria ard Feainn
29%
5 - 4Knujący Arystokraci
29%
5 - 4 (2)Kusznik ard Feainn
29%
10 - 3Leo Bonhart
29%
10 - 5Letho: Królobójca
29%
8 - 8Letho z Gulety
29%
5 - 4Łowca niewolników
29%
4 - 3 (1)Łowca van Moorlehemów
29%
9 - K. specjalnaMagiczny wstrząs
29%
5 - 2Mag zabójca
29%
4 - K. specjalnaMazidło
29%
8 - 2Menno Coehoorn
29%
6 - 1Mentor Szkoły Żmii
29%
7 - 7Mistrz Ceremonii
29%
6 - 4Mistrz Plag
29%
5 - 5Mistrzyni tortur
29%
5 - 4Nagonka
29%
8 - K. specjalnaNarada wojenna
29%
5 - 5Niewolnicza piechota
29%
5 - 8Nilfgaardzki rycerz
29%
Przewaga TaktycznaObroża
29%
4 - K. specjalnaObsydianowe lustro
29%
4 - K. specjalnaOstatnie przygotowania
29%
7 - 5Podczaszy van Moorlehemów
29%
4 - K. specjalnaPoselstwo
29%
7 - 8Prorok
29%
5 - 5Przecieracz szlaku
29%
4 - 3Racowie ard Feainn
29%
10 - 4 (2)Ramon Tyrconnel
29%
4 - 3Rekrut
29%
6 - 1Rico Meiersdorf
29%
6 - 2Roderick z Dun Tynne
29%
6 - 4Rozjuszony szarlej
29%
5 - K. specjalnaRuna Darzbóg
29%
4 - 4Saper
29%
7 - 5Serrit
29%
4 - 4Sierżant Nauzikai
29%
5 - K. specjalnaSkrytobójstwo
29%
4 - 4Straż Książęca
29%
4 - 1Szpiegująca czarodziejka
29%
5 - K. specjalnaTerapia eksperymentalna
29%
8 - K. specjalnaTest lojalności
29%
4 - 4Truciciel
29%
4 - K. specjalnaTurniej Rycerski
29%
12 - 6Uzurpator: Oficer
29%
6 - 3Vanhemar
29%
11 - 3Vattier de Rideaux
29%
13 - 8Vilgefortz: Renegat
29%
10 - 3Vincent van Moorlehem
29%
8 - 4Vivienne de Tabris
29%
6 - 4Vreemde
29%
8 - 4Vrygheff
29%
15 - ArtefaktWieczne zaćmienie
29%
8 - 7 (2)Wipper
29%
5 - K. specjalnaZatrute ostrze
29%
4 - 7 (2)Żółw ard Feainn
29%
5 - K. specjalnaAmnestia
14%
7 - 6Assire var Anahid
14%
5 - 4Brygada Impera
14%
4 - 3Brygada Nauzicaa
14%
9 - 5Cahir Mawr Dyffryn
14%
6 - 6Ceallach Dyffryn
14%
5 - 5Cesarski Praktyk
14%
7 - 6Cynthia
14%
5 - 3Daerlańscy Piechurzy
14%
5 - 5Diakon Wiecznego Zaćmienia
14%
8 - 8Doadrick Leumaerts
14%
7 - 3Fercart
14%
8 - 4Gruba Helga
14%
8 - 5Isbel z Hagge
14%
9 - K. specjalnaJad wisielców
14%
7 - 4 (1)Jeż z Erlenwaldu
14%
4 - 3Kusznik Deithwen
14%
9 - 5Lydia van Bredevoort
14%
4 - 4Mangonela
14%
7 - 5Milton de Peyrac-Peyran
14%
5 - 4Nilfgaardzki oficer
14%
4 - 4Nowicjusz z Vicovaro
14%
4 - 4Ognisty skorpion
14%
7 - 5Palmerin de Launfal
14%
6 - 3Peter Saar Gwynlew
14%
5 - 4Pikinierzy Alby
14%
4 - 3Poskramiacz
14%
4 - 5Posłaniec
14%
7 - 5Rainfarn z Attre
14%
9 - 5Shilard Fitz-Oesterlen
14%
5 - 5Siewca zarazy
14%
4 - 4Służka van Moorlehemów
14%
8 - 4Sweers
14%
6 - 3Traheaern var Vdyffir
14%
5 - 4Władca lalek
14%
4 - 3Włócznicy Alby
14%
4 - 3Wściekły tłum
14%
4 - 4Wtajemniczony Wiecznego Zaćmienia
14%
9 - 5Xarthisius
14%
6 - 4Zabójca Szkoły Żmii
14%
7 - K. specjalnaZdrada
14%
4 - 4Zdrajczyni na Thanedd
14%
4 - 4Inflitrator
0%
4 - 4Mistrz kamulfażu
0%
9 - 13Tibor Eggerbracht
0%
8 - 7Warritt Wszechwiedzący
0%

Rozkład punktacji

Percentyl według liczby udzielonych odpowiedzi

Procent ludzi z każdym wynikiem

Twoja historia wyników

Nie rozwiązałeś tego quizu